Собрание сочинений. Т. 3: [Молодая гвардия (Запись № 5409444)

Подробности
000 -МАРКЕР
контрольное поле 01191nam2a22002531 4500
001 - ИДЕНТИФИКАТОР ЗАПИСИ
контрольное поле rc\2381552
005 - ИДЕНТИФИКАТОР ВЕРСИИ
контрольное поле 20260406102510.0
035 ## - ДРУГИЕ СИСТЕМНЫЕ НОМЕРА
Идентификатор записи (NLR Aleph) 006717623
100 ## - ДАННЫЕ ОБЩЕЙ ОБРАБОТКИ
Данные общей обработки 20110829g19791980|||y0rusy50 ca
101 0# - ЯЗЫК РЕСУРСА
Язык текста, звукозаписи и т.д. русский
102 ## - СТРАНА ПУБЛИКАЦИИ ИЛИ ПРОИЗВОДСТВА
Страна публикации Российская Федерация
105 ## - ПОЛЕ КОДИРОВАННЫХ ДАННЫХ: ТЕКСТОВЫЕ МАТЕРИАЛЫ, МОНОГРАФИЧЕСКИЕ
Кодированные данные о монографическом текстовом документе a z |||a|
200 1# - ЗАГЛАВИЕ И СВЕДЕНИЯ ОБ ОТВЕТСТВЕННОСТИ
Основное заглавие [Молодая гвардия
Сведения, относящиеся к заглавию Роман
-- Ч. 1
Первые сведения об ответственности Ил. О. Верейского
210 ## - ПУБЛИКАЦИЯ, РАСПРОСТРАНЕНИЕ И ДР.
Дата издания, распространения и т.д. 1979 (вып. дан. 1980)
Место издания, распространения и т.д. Б. м.
215 ## - ФИЗИЧЕСКАЯ ХАРАКТЕРИСТИКА
Специфическое обозначение материала и объем 382 с., 4 л. цв. ил.
461 #0 - УРОВЕНЬ НАБОРА
Встроенное поле 001rc\576264
-- 2001#$aСобрание сочинений$eВ 4 т.$fА. Фадеев$g[Вступ. ст. С. Заики, с. 3-48$gИл. О.Г. Верейского]$vТ. 3
-- 700#1$aФадеев$bА.А.$gАлександр Александрович$f1901-1956
Системный номер (АБИС) связанной записи 6932890
Автор Фадеев, А.А. (1901-1956)
Место публикации М.
Дата публикации 1987-
Первые сведения об ответственности А. Фадеев
Имя издателя, распространителя и т.д. Правда
Сведения, относящиеся к заглавию В 4 т.
Заглавие Собрание сочинений
Номер тома Т. 3
702 #1 - ИМЯ ЛИЦА - ВТОРИЧНАЯ ОТВЕТСТВЕННОСТЬ
Код отношения Иллюстратор
Графика поля Кириллица
Материалы, к которым относится поле rus
Начальный элемент ввода Верейский
Часть имени, кроме начального элемента ввода О. Г.
Дополнения к именам, кроме дат художник
Даты 1915-1993
Расширение инициалов личного имени Орест Георгиевич
Системный номер авторитетной/нормативной записи 67131
Идентификатор авторитетной/нормативной записи RU\NLR\AUTH\7784203
801 #0 - ИСТОЧНИК ЗАПИСИ
Страна Российская Федерация
Организация NLR
Правила каталогизации psbo
801 #1 - ИСТОЧНИК ЗАПИСИ
Страна Российская Федерация
Организация ELAR
Источник данных rusmarc
852 ## - МЕСТОНАХОЖДЕНИЕ И ШИФР ХРАНЕНИЯ
Идентификатор организации NLR
Шифр хранения (Call Number) 80-3/2718
942 ## - ДОПОЛНИТЕЛЬНЫЕ ЭЛЕМЕНТЫ ЗАПИСИ (АБИС)
Тип экземпляра АБИС Книга
980 ## - КОЛЛЕКЦИЯ
Название коллекции Национальная библиография
Экземпляры
Тип экземпляра Дата поступления Библиотека постоянного хранения Библиотека текущего хранения Место хранения Шифр хранения Штрих-код Статус экземпляра
Книга 26.10.2013 РНБ (Московский) РНБ (Московский) Русский книжный фонд: издания с 1957 года 80-3/2718 6717623-10